00780nam a2200217Ia 4500003000400000005001700004008004100021020001800062040000700080041000800087082002200095100003800117245007600155260003800231300001500269365001300284906010300297942001200400999001900412952013100431OSt20230328143244.0210423s2008 xx 000 0 und d a9788123916170 cAL aeng a615.19 223bNEMR aNEMA (Rajesh kumar);others978975 aPractical approach to pharmaceutical analysis: instrumental and manual. aNew DelhibCBS Publicationsc2008 axv,207bHB b240cINR aanalysis: ; analysis:instrumental ; approach ; instrumental ; manual. ; pharmaceutical ; Practical 2ddccBK c154335d154335 001040708ACaSACPGbSACPGd2009-12-18eAthulya Booksg240.00l0o615.19 NEMRpPG000802r2022-08-24 00:00:00w2021-04-26yBK